PLANT VIROLOGY (Record no. 9422)

MARC details
000 -LEADER
fixed length control field 00425nam a22001817a 4500
003 - CONTROL NUMBER IDENTIFIER
control field OSt
005 - DATE AND TIME OF LATEST TRANSACTION
control field 20211005112419.0
008 - FIXED-LENGTH DATA ELEMENTS--GENERAL INFORMATION
fixed length control field 211005b |||||||| |||| 00| 0 eng d
040 ## - CATALOGING SOURCE
Transcribing agency HAWASSA UNIVERSITY0
050 ## - LIBRARY OF CONGRESS CALL NUMBER
Classification number 574/MAT
Item number 1
082 ## - DEWEY DECIMAL CLASSIFICATION NUMBER
Classification number 574/MAT
Item number 1
100 ## - MAIN ENTRY--PERSONAL NAME
Personal name MATTHEWS R.E.F.
9 (RLIN) 10116
245 ## - TITLE STATEMENT
Title PLANT VIROLOGY
260 ## - PUBLICATION, DISTRIBUTION, ETC.
Place of publication, distribution, etc. NEW YORK
Name of publisher, distributor, etc. LONDON
Date of publication, distribution, etc. 1970
300 ## - PHYSICAL DESCRIPTION
Extent xv/774
504 ## - BIBLIOGRAPHY, ETC. NOTE
Bibliography, etc. note INDEX
942 ## - ADDED ENTRY ELEMENTS (KOHA)
Source of classification or shelving scheme Dewey Decimal Classification
Koha item type Books like text book referance book
Suppress in OPAC No
Holdings
Withdrawn status Lost status Source of classification or shelving scheme Damaged status Not for loan Home library Current library Date acquired Total Checkouts Full call number Barcode Date last seen Copy number Price effective from Koha item type
    Dewey Decimal Classification     College of Agriculture Library College of Agriculture Library 10/05/2021   574/MAT ALIB0007563 10/05/2021 1 10/05/2021 Books like text book referance book
    Dewey Decimal Classification     College of Agriculture Library College of Agriculture Library 10/05/2021   574/MAT ALIB0007564 10/05/2021 2 10/05/2021 Books like text book referance book